Sports Quiz

Random Sports or MLB Quiz
Score 0/68 Timer 10:00
2 Plays Today
Hint Answer % Correct
1920-1921Babe Ruth
96.6%
1923-1924Babe Ruth
96.5%
1926-1932Babe Ruth
96.5%
1996-1997Barry Bonds
90.3%
2000-2004Barry Bonds
90.3%
1998-2003Sammy Sosa
88.8%
1996-1999Mark McGwire
87.5%
1998-2003Alex Rodriguez
84%
1960-1961Mickey Mantle
81.6%
1962-1963Hank Aaron
80.9%
1930-1931Lou Gehrig
77.2%
1996-2000Ken Griffey Jr.
76.4%
1954-1955Willie Mays
75.5%
1993-1994 Ken Griffey Jr.
74.1%
2003-2006*Albert Pujols
73.8%
2009-2010*Albert Pujols
73.8%
1961-1962Willie Mays
73.4%
1964-1965Willie Mays
73.4%
2004-2006David Ortiz
70.1%
1998-1999Manny Ramirez
68.4%
2004-2005Manny Ramirez
68.4%
2001-2004Jim Thome
67.7%
1995-1996Frank Thomas
67.1%
1932-1934Jimmie Foxx
63.1%
1992-1993Juan Gonzalez
61.1%
1996-1998Juan Gonzalez
61.1%
2005-2006Andruw Jones
60.8%
2006-2009Ryan Howard
59.6%
1968-1970Frank Howard
59.5%
1990-1991Cecil Fielder
58.6%
1979-1980Mike Schmidt
58%
2016-2018*Khris Davis
57%
1961-1964Harmon Killebrew
55.7%
1969-1970Harmon Killebrew
55.7%
Hint Answer % Correct
2001-2002Shawn Green
55.6%
2012-2013*Miguel Cabrera
52.9%
1999-2000Jeff Bagwell
52.8%
2017-2018*J.D. Martinez
51.7%
1998-1999Rafael Palmeiro
51.1%
2001-2002Rafael Palmeiro
51.1%
1995-1996Albert Belle
50.2%
1937-1938Hank Greenberg
46.6%
2004-2008Adam Dunn
46.1%
2010-2011*Jose Bautista
45.6%
1957-1960Ernie Banks
43.7%
2002-2003Jason Giambi
42.8%
2000-2001Todd Helton
42.6%
1947-1951Ralph Kiner
41.6%
1977-1978George Foster
40.3%
2014-2016*Nelson Cruz
39.3%
1999-2000Carlos Delgado
38.3%
1953-1955Eddie Mathews
37.8%
1998-1999Greg Vaughn
37.5%
1953-1957Duke Snider
37.1%
1999-2000Vladimir Guerrero
36.1%
1996-1998Andres Galarraga
32.6%
1995-1997Jay Buhner
31.4%
2004-2005Paul Konerko
30.7%
1969-1970Carl Yastrzemski
30.2%
2015-2016*Nolan Arenado
28.3%
1947-1948Johnny Mize
26.3%
1996-1998Vinny Castilla
24.8%
2000-2001Troy Glaus
23.7%
1953-1955Ted Kluszewski
21%
1929-1930Chuck Klein
18.5%
2011-2012*Curtis Granderson
17.8%
1958-1959Rocky Colavito
16.9%
2017-2018*Joey Gallo
11.4%

You're not logged in!

Compare scores with friends on all Sporcle quizzes.
OR
Log In

Sporcle TV

Today on Sporcle TV


Watch our educational content, quiz creation guides, and fun videos on Sporcle TV.

Show Comments

Extras

Top Quizzes Today


Score Distribution

Paid Content

Your Account Isn't Verified!

In order to create a playlist on Sporcle, you need to verify the email address you used during registration. Go to your Sporcle Settings to finish the process.

Report this User

Report this user for behavior that violates our Community Guidelines.

Details: